|
|
|
|
| LEADER |
00000nam a2200000Ii 4500 |
| 001 |
DIGARCOL0035 |
| 003 |
NyNyDIG |
| 006 |
m o d |
| 007 |
cr ||||||||||| |
| 008 |
241001s2013 sp ob 001 0 spa d |
| 035 |
|
|
|a (OCoLC)1458531620
|
| 040 |
|
|
|a DGITA
|b eng
|e rda
|e pn
|c DGITA
|
| 020 |
|
|
|z 9788476352922
|
| 050 |
1 |
4 |
|a P40.8 ebook
|
| 100 |
1 |
|
|a Juanatey, Luisa,
|e author.
|
| 245 |
1 |
0 |
|a Aproximación a los textos narrativos en el aula.
|n II,
|p Práctica del comentario y aprendizaje lingüístico /
|c Luisa Juanatey.
|
| 246 |
3 |
0 |
|a Práctica del comentario y aprendizaje lingüístico
|
| 264 |
|
1 |
|a Madrid :
|b Arco/Libros, S. L.,
|c [2013]
|
| 300 |
|
|
|a 1 online resource.
|
| 336 |
|
|
|a text
|b txt
|2 rdacontent
|
| 337 |
|
|
|a computer
|b c
|2 rdamedia
|
| 338 |
|
|
|a online resource
|b cr
|2 rdacarrier
|
| 347 |
|
|
|a text file
|2 rdaft
|
| 347 |
|
|
|b PDF
|
| 490 |
1 |
|
|a Cuadernos de lengua española ;
|v 52
|
| 504 |
|
|
|a Includes bibliographical references and index.
|
| 588 |
0 |
|
|a Online resource; title from PDF title page (Digitalia, viewed October 1, 2024)
|
| 650 |
|
0 |
|a Language and education.
|
| 650 |
|
0 |
|a Discourse analysis, Narrative.
|
| 791 |
2 |
|
|a Digitalia (Firm),
|e distributor.
|
| 793 |
0 |
|
|g Digitalia eBook Collection:
|a Arco/Libros
|
| 776 |
0 |
8 |
|i Print version:
|a Juanatey, Luisa.
|t Aproximación a los textos narrativos en el aula. II, Práctica del comentario y aprendizaje lingüístico.
|b 2a edición.
|d Madrid : Arco/Libros, S. L., [2013]
|z 9788476352922
|
| 830 |
|
0 |
|a Cuadernos de lengua española ;
|v 52.
|
| 856 |
4 |
0 |
|3 Digitalia Hispánica
|u https://www.digitaliapublishing.com/a/137839/
|
| 910 |
|
|
|a Premium collection: 2024
|